Cười cái sự đời Suy ngẫm về con người và cuộc đời
Wedi'i Gadw mewn:
| Prif Awdur: | |
|---|---|
| Fformat: | Llyfr |
| Iaith: | Undetermined |
| Cyhoeddwyd: |
Hà Nội
Thanh niên
2000
|
| Pynciau: | |
| Tagiau: |
Ychwanegu Tag
Dim Tagiau, Byddwch y cyntaf i dagio'r cofnod hwn!
|
| Thư viện lưu trữ: | Trung tâm Học liệu Trường Đại học Cần Thơ |
|---|
| LEADER | 00519nam a2200181Ia 4500 | ||
|---|---|---|---|
| 001 | CTU_39909 | ||
| 008 | 210402s9999 xx 000 0 und d | ||
| 082 | |a 808.7 | ||
| 082 | |b Th107 | ||
| 100 | |a Thanh Thủy | ||
| 245 | 0 | |a Cười cái sự đời | |
| 245 | 0 | |b Suy ngẫm về con người và cuộc đời | |
| 245 | 0 | |c Thanh Thủy | |
| 260 | |a Hà Nội | ||
| 260 | |b Thanh niên | ||
| 260 | |c 2000 | ||
| 650 | |a wit and humor | ||
| 980 | |a Trung tâm Học liệu Trường Đại học Cần Thơ | ||